00590 2200229 4500001002100000005001700021008004100038035002400079082000800103090002000111100001700131245003100148250001800179260003400197300003000231500002900261650001700290850001300307985000600320986001300326999002100339YOGYA-0209000005692620090227034123.0 ind  0010-020900000056926 a635 a635bAri HlDEP aARIF, Arifin aHortikulturacArifin Arief aEd. 1, cet. 1 aYogyakartabAndi Offsetc1990 aviii, 98 hlmbilusc21 cm aBibliografi : hlm. 95-98 aHortikultura aYOPDYOGM a1 aPklrtrev a90-300 h CB-D.11